Kinetic bias in estimates of coastal picoplankton community structure obtained by measurements of small-subunit rRNA gene PCR amplicon length heterogeneity /

Zapisane w:
Opis bibliograficzny
1. autor: Suzuki, Marcelino.
Kolejni autorzy: Giovannoni, Stephen J., Rappe, Michael S.
Format: Artykuł
Język:English
Hasła przedmiotowe:
Etykiety: Dodaj etykietę
Nie ma etykietki, Dołącz pierwszą etykiete!
Thư viện lưu trữ: Thư viện Trường Đại học Đà Lạt
LEADER 01109nam a2200325 4500
001 DLU090091868
005 ##20091201
040 # # |a DLU  |b eng 
041 # # |a eng 
044 # # |a us 
100 # # |a Suzuki, Marcelino. 
245 # # |a Kinetic bias in estimates of coastal picoplankton community structure obtained by measurements of small-subunit rRNA gene PCR amplicon length heterogeneity /  |c Marcelino Suzuki, Michael S. Rappe, Stephen J. Giovannoni. 
653 # # |a Coastal zone 
653 # # |a Genetic diversity 
653 # # |a Marine environment 
653 # # |a Microbial community 
653 # # |a Polymerase chain reaction 
653 # # |a Ribosomal DNA 
700 # # |a Giovannoni, Stephen J. 
700 # # |a Rappe, Michael S. 
773 # # |t Applied and Environmental Microbiology  |g Vol. 64, no. 11 (November 1998), p. 4522-4529 
920 # # |a Phòng Tạp chí -- Trung tâm Thông tin - Thư viện Trường Đại học Đà Lạt 
994 # # |a DLU 
900 # # |a True 
911 # # |a Trương Bảo Trâm Anh 
925 # # |a G 
926 # # |a A 
927 # # |a BB 
980 # # |a Thư viện Trường Đại học Đà Lạt